<?xml version="1.0" encoding="UTF-8"?>
<marc:record xmlns:marc="http://www.loc.gov/MARC21/slim">
   <marc:leader>00000nam a2200000 a 4500</marc:leader>
   <marc:datafield ind1="1" ind2=" " tag="100">
      <marc:subfield code="a">Zeffirelli, Franco</marc:subfield>
      <marc:subfield code="4">aut</marc:subfield>
      <marc:subfield code="e">Verfasser/-in</marc:subfield>
   </marc:datafield>
   <marc:datafield ind1=" " ind2=" " tag="653">
      <marc:subfield code="a">Bibelgeschichten</marc:subfield>
   </marc:datafield>
   <marc:datafield ind1=" " ind2=" " tag="653">
      <marc:subfield code="a">DVDD</marc:subfield>
   </marc:datafield>
   <marc:datafield ind1=" " ind2=" " tag="653">
      <marc:subfield code="a">Fernsehfilm</marc:subfield>
   </marc:datafield>
   <marc:datafield ind1=" " ind2=" " tag="653">
      <marc:subfield code="a">Italien.</marc:subfield>
   </marc:datafield>
   <marc:datafield ind1=" " ind2=" " tag="653">
      <marc:subfield code="a">lne</marc:subfield>
   </marc:datafield>
   <marc:datafield ind1="0" ind2="0" tag="245">
      <marc:subfield code="a">Jesus von Nazareth</marc:subfield>
   </marc:datafield>
   <marc:datafield ind1="0" ind2="0" tag="245">
      <marc:subfield code="b">Teil 1 &amp; 2</marc:subfield>
   </marc:datafield>
   <marc:datafield ind1="0" ind2="0" tag="245">
      <marc:subfield code="c">Zeffirelli, Franco</marc:subfield>
   </marc:datafield>
   <marc:datafield ind1="1" ind2=" " tag="520">
      <marc:subfield code="a">Der Film erzählt von der Geburt, dem Leben und Wirken und dem Tod und der Auferstehung von Jesus von Nazareth. Er orientiert sich im Wesentlichen an den Evangelien des Lukas und Johannes, enthält aber auch fiktive Szenen. Die Fernsehproduktion ist in vier Teile gegliedert&#xD;
Teil 1: Die Verkündigung und Geburt Der Kindermord zu Bethlehem und Flucht nach Ägypten Der 12jährige Jesus im Tempel Johannes, der Täufer in der Wüste Teil 2: Die Taufe Jesu Die Wunderheilung Salome und Johannes. Teil 3: Am See Genezareth Die Bergpredigt Das letzte Abendmahl Der Prozeß Jesu Die Kreuzigung und Auferstehung</marc:subfield>
   </marc:datafield>
</marc:record>
